| 000 | 00352nam a2200109Ia 4500 | ||
|---|---|---|---|
| 999 |
_c4308 _d4308 |
||
| 003 | yeezen | ||
| 005 | 20201027131931.0 | ||
| 008 | 180213s9999||||xx |||||||||||||| ||und|| | ||
| 020 |
_cNT315 _a978-986-95069-5-3 |
||
| 100 | _a高詹燦 | ||
| 245 | 0 |
_c高詹燦 _a迷你思考:麥肯錫超高效率工作計畫術,用最少的力量,獲得最大的成果! |
|
| 250 | _a初版 | ||
| 260 |
_c2017 _a台北市 |
||
| 942 |
_2ccl _cBOOK |
||